Achievement report 1994-2007 (Record no. 10318)

MARC details
000 -LEADER
fixed length control field 00669nam a2200181Ia 4500
082 ## - DEWEY DECIMAL CLASSIFICATION NUMBER
Classification number 333.72 ACH-
245 #0 - TITLE STATEMENT
Title Achievement report 1994-2007
260 ## - PUBLICATION, DISTRIBUTION, ETC. (IMPRINT)
Place of publication New Delhi
Name of publisher India-Canada Environment Facility
Year of publication 2007
300 ## - PHYSICAL DESCRIPTION
Number of Pages 184
500 ## - GENERAL NOTE
General note contents: (Innovative approaches, Community involvement, Enhancing capacities, Finding solutions)
650 ## - SUBJECT ADDED ENTRY--TOPICAL TERM
Topical Term Natural resources
Geographic subdivision India
650 ## - SUBJECT ADDED ENTRY--TOPICAL TERM
Topical Term Natural resources
Form subdivision Conservation areas
Geographic subdivision India
650 ## - SUBJECT ADDED ENTRY--TOPICAL TERM
Topical Term Renewable natural resources
Geographic subdivision India
650 ## - SUBJECT ADDED ENTRY--TOPICAL TERM
Topical Term Natural resources
Form subdivision India
-- International cooperation
700 ## - ADDED ENTRY--PERSONAL NAME
Personal name Satyanarayana, M.
710 ## - ADDED ENTRY--CORPORATE NAME
Corporate name or jurisdiction name as entry element India-Canada Environment Facility, New Delhi
942 ## - ADDED ENTRY ELEMENTS (KOHA)
Koha item type Books
Source of classification or shelving scheme Dewey Decimal Classification
Holdings
Withdrawn status Lost status Damaged status Not for loan Home library Current library Date acquired Bill Date Full call number Accession Number Price effective from Koha item type
        NASSDOC Library NASSDOC Library 17/09/2010 2010-08-31 333.72 ACH- 46584 18/04/2019 Books